Former and Current Countries by Leader - Statistics

General Stats
  • This quiz has been taken 46 times
  • The average score is 18 of 26
Answer Stats
Hint Answer % Correct
Winston Churchill United Kingdom
100%
Thomas Jefferson United States
100%
Sun Yat-Sen China
95%
Genghis Khan Mongol Empire
95%
Augustus Rome
95%
Louis XIV France
93%
Ramesses II Egypt
88%
Nikita Khrushchev Soviet Union
88%
Emperor Meiji Japan
83%
Suleiman the Magnificent Ottoman Empire
78%
Haile Selassie Ethiopia
76%
Josip Broz Tito Yugoslavia
76%
Antonio López de Santa Anna Mexico
73%
Frederick the Great Prussia
73%
Cyrus the Great Achaemenid Persia
68%
F. W. de Klerk South Africa
63%
Robert the Bruce Scotland
61%
Gustavus Adolphus Sweden
61%
Mansa Musa Mali Empire
56%
Ferdinand Marcos Philippines
56%
Robert Mugabe Zimbabwe
56%
Suharto Indonesia
54%
Frederick Barbarossa Holy Roman Empire
51%
Basil II Byzantine Empire
44%
Jayavarman VII Khmer Empire
17%
Thomas Sankara Burkina Faso
12%
No matching quizzes found
Score Distribution
Percent of People with Each Score
Percentile by Number Answered
Your Score History
You have not taken this quiz